Statystyki dla Najludniejsze ulice Lublina

Kliknij tutaj aby rozwiązać quiz!

Ogólne statystyki

  • Ten quiz został rozwiązany 159 razy
  • Średni wynik to 3 z 21

Statystyki odpowiedzi

Liczba zameldowanychUlica% Poprawnych
2054Lubartowska
55%
3872Bursztynowa
29%
2211Koncertowa
22%
3153Lwowska
18%
4477Niepodległości
17%
2177Szmaragdowa
14%
3729Nałkowskich
13%
2463Pogodna
13%
2198Krańcowa
12%
2400Nowy Świat
12%
3144Wyżynna
11%
2045Droga Męczenników Majdanka
9%
2618Paganiniego
9%
3771Samsonowicza
8%
2205Tumidajskiego
8%
2016Daszyńskiego
7%
2253Przyjaźni
7%
2239Dziewanny
6%
2095Kryształowa
4%
2356Różana
3%
3188Zygmunta Augusta
3%

Rozkład punktacji

Percentyl według liczby udzielonych odpowiedzi

Procent ludzi z każdym wynikiem

Twoja historia wyników

Nie rozwiązałeś tego quizu